Материаловедение и технологические процессы в машиностроении (Запись № 10175706)

Подробности
000 -МАРКЕР
контрольное поле 02415nam0a2200385 4500
001 - ИДЕНТИФИКАТОР ЗАПИСИ
контрольное поле RU\NLR\BIBL_A\010510425
005 - ИДЕНТИФИКАТОР ВЕРСИИ
контрольное поле 20260406145337.0
010 ## - МЕЖДУНАРОДНЫЙ СТАНДАРТНЫЙ НОМЕР КНИГИ (ISBN)
Номер (ISBN) 978-5-94178-220-8
Тираж 1000
035 ## - ДРУГИЕ СИСТЕМНЫЕ НОМЕРА
Идентификатор записи (NILC)LIBNET\0000477140
035 ## - ДРУГИЕ СИСТЕМНЫЕ НОМЕРА
Идентификатор записи (NLR Aleph) 010510425
100 ## - ДАННЫЕ ОБЩЕЙ ОБРАБОТКИ
Данные общей обработки 20141024d2013 |||y0rusy50 ca
101 0# - ЯЗЫК РЕСУРСА
Язык текста, звукозаписи и т.д. русский
102 ## - СТРАНА ПУБЛИКАЦИИ ИЛИ ПРОИЗВОДСТВА
Страна публикации Российская Федерация
105 ## - ПОЛЕ КОДИРОВАННЫХ ДАННЫХ: ТЕКСТОВЫЕ МАТЕРИАЛЫ, МОНОГРАФИЧЕСКИЕ
Кодированные данные о монографическом текстовом документе a|||j|||000yy
200 1# - ЗАГЛАВИЕ И СВЕДЕНИЯ ОБ ОТВЕТСТВЕННОСТИ
Основное заглавие Материаловедение и технологические процессы в машиностроении
Сведения, относящиеся к заглавию учебное пособие для студентов обучающихся по направлению "Конструкторско-технологическое обеспечение машиностроительных производств"
Первые сведения об ответственности С.И. Богодухов, А.Д. Проскурин, Р.М. Сулейманов, А.Г. Схиртладзе
Последующие сведения об ответственности под общ. ред. проф., д.т.н. С. И. Богодухова
210 ## - ПУБЛИКАЦИЯ, РАСПРОСТРАНЕНИЕ И ДР.
Место издания, распространения и т.д. Старый Оскол
Имя издателя, распространителя и т. д. ТНТ
Дата издания, распространения и т.д. 2013
215 ## - ФИЗИЧЕСКАЯ ХАРАКТЕРИСТИКА
Специфическое обозначение материала и объем 559 с.
Другие сведения о физической характеристике ил.
Размеры 21
313 ## - ПРИМЕЧАНИЯ, ОТНОСЯЩИЕСЯ К ТЕМАТИЧЕСКОМУ ДОСТУПУ
Текст примечания Лабораторные работы
320 ## - ПРИМЕЧАНИЯ О НАЛИЧИИ В ДОКУМЕНТЕ БИБЛИОГРАФИИ / УКАЗАТЕЛЯ
Текст примечания Библиогр.: с. 558-559 (14 назв.)
606 1# - НАИМЕНОВАНИЕ ТЕМЫ КАК ПРЕДМЕТ
Наименование темы Машиностроение
Формальный подзаголовок Учебные издания для высших учебных заведений
Тематический подзаголовок Технологические процессы
-- Лабораторная практика
Системный номер авторитетной/нормативной записи 2564633
Идентификатор авторитетной/нормативной записи RU\NLR\AUTH\661516889
606 1# - НАИМЕНОВАНИЕ ТЕМЫ КАК ПРЕДМЕТ
Наименование темы Металловедение
Формальный подзаголовок Учебные издания для высших учебных заведений
Тематический подзаголовок Лабораторная практика
Системный номер авторитетной/нормативной записи 1590000
Идентификатор авторитетной/нормативной записи RU\NLR\AUTH\66698723
686 ## - ИНДЕКСЫ ДРУГИХ КЛАССИФИКАЦИЙ
Индекс 30.3я7
Издание LBC/RL
Код системы
686 ## - ИНДЕКСЫ ДРУГИХ КЛАССИФИКАЦИЙ
Индекс 34.5я7
Издание LBC/RL
Код системы
686 1# - ИНДЕКСЫ ДРУГИХ КЛАССИФИКАЦИЙ
Индекс К5я73-5
686 1# - ИНДЕКСЫ ДРУГИХ КЛАССИФИКАЦИЙ
Индекс К2я73-5
701 #1 - ИМЯ ЛИЦА - АЛЬТЕРНАТИВНАЯ ОТВЕТСТВЕННОСТЬ
Графика поля Кириллица
Материалы, к которым относится поле rus
Начальный элемент ввода Богодухов
Часть имени, кроме начального элемента ввода С. И.
Даты 1939-
Расширение инициалов личного имени Станислав Иванович
Системный номер авторитетной/нормативной записи 140910
Идентификатор авторитетной/нормативной записи RU\NLR\AUTH\770140946
701 #1 - ИМЯ ЛИЦА - АЛЬТЕРНАТИВНАЯ ОТВЕТСТВЕННОСТЬ
Графика поля Кириллица
Материалы, к которым относится поле rus
Начальный элемент ввода Проскурин
Часть имени, кроме начального элемента ввода А. Д.
Расширение инициалов личного имени Александр Дмитриевич
Системный номер авторитетной/нормативной записи 140913
Идентификатор авторитетной/нормативной записи RU\NLR\AUTH\770140949
701 #1 - ИМЯ ЛИЦА - АЛЬТЕРНАТИВНАЯ ОТВЕТСТВЕННОСТЬ
Графика поля Кириллица
Материалы, к которым относится поле rus
Начальный элемент ввода Сулейманов
Часть имени, кроме начального элемента ввода Р. М.
Расширение инициалов личного имени Рузалит Масгутович
Системный номер авторитетной/нормативной записи 140922
Идентификатор авторитетной/нормативной записи RU\NLR\AUTH\770140958
701 #1 - ИМЯ ЛИЦА - АЛЬТЕРНАТИВНАЯ ОТВЕТСТВЕННОСТЬ
Материалы, к которым относится поле rus
Графика поля Кириллица
Начальный элемент ввода Схиртладзе
Часть имени, кроме начального элемента ввода А. Г.
Даты 1943-
Расширение инициалов личного имени Александр Георгиевич
Идентификатор авторитетной/нормативной записи RU\NLR\AUTH\774564
Системный номер авторитетной/нормативной записи 114542
801 #0 - ИСТОЧНИК ЗАПИСИ
Страна Российская Федерация
Организация Кемеровская ОНБ
Дата составления 20140915
Правила каталогизации rcr
942 ## - ДОПОЛНИТЕЛЬНЫЕ ЭЛЕМЕНТЫ ЗАПИСИ (АБИС)
Тип экземпляра АБИС Книга
980 ## - КОЛЛЕКЦИЯ
Название коллекции Национальная библиография
Экземпляры
Тип экземпляра Дата поступления Источник поступления Стоимость Библиотека постоянного хранения Библиотека текущего хранения Место хранения Шифр хранения Штрих-код Статус экземпляра
Книга 24.10.2014 Покупка 881.64 РНБ (Московский) РНБ (Московский) Русский книжный фонд: издания с 1957 года 2015-3/1233 1-810538  
Книга 22.01.2015 Покупка 881.64 РНБ (Московский) РНБ (Московский) Фонд общего зала литературы по технике Т1 К5/М-341 1-915296  
Книга 22.01.2015 Покупка 881.64 РНБ (Садовая) РНБ (Садовая) Универсальный читальный зал У К2/М-341 1-915295